Lyrics Pink ft. Nate Ruess - Just Give Me A Reason - Statistics

General Stats
  • This quiz has been taken 923 times
    917 since last reset
  • The average score is 48 of 56
Answer Stats
Answer % Correct
And we can {learn} to love again
98%
And we can {learn} to love again
98%
And we can learn to {love} again
98%
Just give me a {reason}
98%
Of our {love}, our {love}
98%
And we can learn to love {again}
97%
Just a little bit's {enough}
97%
Just a little bit's {enough}
97%
Just a second we're not {broken} just bent
97%
oh,oh, we can learn to love {again}
97%
Right from the {start}
97%
That we're not {broken} just bent
97%
Just a second we're not broken just {bent}
95%
{Just} give me a reason
95%
We're not broken just {bent}
95%
Where all of this is {coming} from
95%
And we {can} learn to love again
94%
Just a {little} bit's enough
94%
I'm sorry i don't {understand}
93%
Just a {second} were not broken just bent
93%
Now you've been {talking} in your sleep, oh,oh
93%
Things you never {say} to me, oh, oh
93%
I {thought} that we were fine
92%
You {stole} my heart
92%
It's in the {stars}
91%
It's in the {stars}
91%
You've been havin' real bad {dreams}, oh,oh
91%
It's been written in the {scars} of our hearts
90%
oh, {our} love, {our} love
90%
{Tell} me that you've had enough
90%
That weren't all that {pretty}
89%
And i am you're willing {victim}
88%
You're {not} broken just bent
88%
And it's all in your {mind}
87%
I let you see the {parts} of me
87%
Just {give} me a reason
87%
{And} we can learn to love again
86%
You were a {thief}
86%
(oh, we had {everything})
84%
You're head is running {wild} again
83%
And with every {touch} you fixed them
82%
It's been written in the scars of our {hearts}
82%
There's nothing more than empty {sheets}
82%
My {dear} we still have everythin'
80%
{Between} our love, our love
79%
You're still {written} in the scars of my heart
78%
You used to {lie} so close to me, oh,oh
74%
No nothing is as {bad} as it seems
67%
We're collecting {dust} but our love's enough
66%
I'll {fix} it for us
64%
We'll come {clean}
64%
(Yeah, but this is {happenin'})
64%
You're {pouring} a drink
60%
Oh,{tear} ducts and rust
56%
You're {holding} it in
49%
I never {stopped}
44%
No matching quizzes found
Score Distribution
Percent of People with Each Score
Percentile by Number Answered
Your Score History
You have not taken this quiz since the last reset